Texto del discurso inaugural, pronunciado por el Prof. Saxe fernández

Salvato in:
Dettagli Bibliografici
Autore principale: Saxe Fernández, Eduardo E.
Natura: testo
Pubblicazione: Heredia :
Tags: Aggiungi Tag
Nessun Tag, puoi essere il primo ad aggiungerne!!

MARC

LEADER 00000 a a2200000 04500
001 16548
003
040
090 |a 012500  
100 |a Saxe Fernández, Eduardo E.  
245 |a Texto del discurso inaugural, pronunciado por el Prof. Saxe fernández  
260 |a Heredia :  
300 |a 3 p.  
999 |c 10301  |d 10301